000 00541nam a2200169Ia 4500
003 GCL
005 20240530103456.0
008 140319s9999 xx 000 0 ara d
040 _aGCL /
_cGCL
082 0 4 _a216
_bع ا
100 1 _aعبدالمنعم محمد خلاف
245 1 0 _aالمادية الاسلامية وابعادها /
_cعبدالمنعم محمد خلاف
260 _a[S.N] :
_bدار المعارف ،
_c1983
300 _a176 ص
650 0 4 _aالاسلام والمذاهب الالحادية
942 _2ddc
_cBK
999 _c39747
_d39747